[Event "Minsk op"]
[Site "Minsk"]
[Date "2008.07.10"]
[Round "1"]
[White "Maiorov, Nikita"]
[Black "Viarbitski, Dzmitry"]
[Result "1-0"]
[WhiteElo "2524"]
[BlackElo "2179"]
[PlyCount "75"]
[EventDate "2008.07.10"]
[EventType "swiss"]
[EventRounds "9"]
[EventCountry "BLR"]
[SourceTitle "CBM 125 Extra"]
[Source "ChessBase"]
[SourceDate "2008.09.01"]
[SourceVersion "1"]
[SourceVersionDate "2008.09.01"]
[SourceQuality "1"]

1. d4 Nf6 2. c4 g6 3. Nf3 Bg7 4. g3 c6 5. Bg2 d5 6. Nbd2 0-0 7. 0-0 Bf5 8. b3 Ne4 9. Bb2 Nd7 10. Nh4 Nxd2 11. Qxd2 Nf6 12. Nxf5 gxf5 13. Rac1 Qd7 14. cxd5 cxd5 15. Rc2 Rac8 16. Rfc1 e6 17. Ba3 Rfd8 18. Qa5 b6 19. Qa6 Rxc2 20. Rxc2 Ne8 21. e3 Bf8 22. Bxf8 Kxf8 23. Bf1 Nd6 24. Qa3 Qe7 25. Qc1 Rd7 26. a4 Kg7 27. b4 Kf8 28. a5 Ne8 29. Bb5 Rc7 30. Bxe8 Rxc2 31. Qxc2 Kxe8 32. axb6 axb6 33. Qc6+ Kf8 34. Qxb6 Kg7 35. Qc5 Qg5 36. b5 Qg4 37. Qc2 h5 38. h4 1-0